| 000 | 00838nam a22002895i 4500 | ||
|---|---|---|---|
| 001 | 15258 | ||
| 003 | ES-MaACL | ||
| 005 | 20250902232752.0 | ||
| 007 | t| | ||
| 008 | 000210s1991 sp ||||0| spa | ||
| 020 | _a84-323-0731-9 | ||
| 080 | _a575.2.08 | ||
| 080 | _a618.177 | ||
| 100 | 1 |
_aTubert, Silvia. _9111618 |
|
| 245 | 1 | 0 |
_aMujeres sin sombra _b: maternidad y tecnología / _cpor Silvia Tubert. |
| 250 | _a1ª ed. | ||
| 260 |
_aMadrid : _bSiglo XXI de España, _c1991. |
||
| 300 |
_aXVII, 288 p. ; _c21 cm. |
||
| 490 | 1 | _aDesigualdades y diferencias | |
| 500 | _aIndices. | ||
| 504 | _aBibliografía: p. [279]-284. | ||
| 650 | 1 | 7 |
_aIngeniería genética _2embne _913775 |
| 650 | 1 | 4 |
_aEsterilidad. _912534 |
| 830 | 1 |
_aDesigualdades y diferencias _9179897 |
|
| 852 |
_aES-MaACL _jL-22662 |
||
| 999 |
_c15258 _d15258 |
||